000 00351nam a2200157 i 4500
001 bg
100 1 _aKLEINFOGEL,
245 0 _aBelastungsglieder /
_cKleinfogel, Haselbach.
250 _aWyd.9.
260 _aBerlin,
_c1966.
700 1 _aHASELBACH,
040 _cBPK
041 _apol
942 _cKS
008 s pl f |000 0 pol
999 _c12209
_d12209
856 _uhttp://koha.tu.koszalin.pl/cgi-bin/koha/opac-detail.pl?biblionumber=12209
_yKatalog online BPK